The American Slavic and East European Review

محفوظ في:

التنسيق: دورية

اللغة: Undetermined

منشور في: JSTOR
Association for Slavic, East European, and Eurasian Studies

الموضوعات:

الوصول للمادة أونلاين: Login to view Source

الوسوم: إضافة وسم

لا توجد وسوم, كن أول من يضع وسما على هذه التسجيلة!

رقم الطلب:

LEADER 00567nas a2200169Ia 4500
008 220214c99999999xx |||||||||||| ||und||
022 |a 1049-7544 
022 |a 2326-4985 
245 0 4 |a The American Slavic and East European Review 
264 1 |b JSTOR 
264 1 |b Association for Slavic, East European, and Eurasian Studies 
362 0 |a Vol. 4(1945)-20 (1961) 
653 1 0 |a Slavic Studies 
856 4 0 |u https://www.jstor.org/journal/amerslaveasteuro 
942 |c JL 
952 |0 0  |1 0  |4 0  |7 1  |9 33822  |a JSR  |b JSR  |d 2022-02-14  |l 0  |r 2022-02-14 00:00:00  |w 2022-02-14  |y JL 
999 |c 42156  |d 42156